000 00288nam a2200121Ia 4500
008 240624s9999 xx 000 0 und d
041 _aeng
082 _a658.42 BEN
100 _aBENTON D A
245 _aCEO DIFFERENCE
260 _c2014
_aNew Delhi
_bTata McGraw - Hill
365 _cRS
_b33
999 _c26206
_d26206